Central Library OPAC University of Rajshahi

The molecular biology of cancer / (Record no. 12545)

MARC details
000 -LEADER
fixed length control field 00914cam a2200313 4500
001 - CONTROL NUMBER
control field 12545
003 - CONTROL NUMBER IDENTIFIER
rucl marc code BD-RjUL
005 - DATE AND TIME OF LATEST TRANSACTION
control field 20211208235319.0
008 - FIXED-LENGTH DATA ELEMENTS--GENERAL INFORMATION
fixed length control field 140129s1974 nyua b 001 0 eng
020 ## - INTERNATIONAL STANDARD BOOK NUMBER
International Standard Book Number 012147660X
035 ## - SYSTEM CONTROL NUMBER
System control number (BD-RjUL)12594
040 ## - CATALOGING SOURCE
Original cataloging agency DLC
Transcribing agency DLC
Modifying agency DLC
-- BD-RjUL
Language of cataloging eng
041 ## - LANGUAGE CODE
Language code of text/sound track or separate title eng
060 ## - NATIONAL LIBRARY OF MEDICINE CALL NUMBER
Classification number QZ200 B977ma 1973
082 00 - DEWEY DECIMAL CLASSIFICATION NUMBER
Classification number 616.99407
Author mark and year MOL 1974
245 14 - TITLE STATEMENT
Title The molecular biology of cancer /
Statement of responsibility, etc. Edited by Harris Busch.
260 ## - PUBLICATION, DISTRIBUTION, ETC. (IMPRINT)
Place of publication, distribution, etc. New York :
Name of publisher, distributor, etc. Academic Press,
Date of publication, distribution, etc. c1974.
300 ## - PHYSICAL DESCRIPTION
Pagination xvi, 638 p. :
Illustrations illus. ;
Size 24 cm.
504 ## - BIBLIOGRAPHY, ETC. NOTE
Bibliography, etc Includes bibliographies and indexes.
650 #0 - SUBJECT ADDED ENTRY--TOPICAL TERM
Topical term or geographic name as entry element Cancer cells.
9 (RLIN) 39069
Topical term or geographic name as entry element Carcinogenesis.
9 (RLIN) 39070
Topical term or geographic name as entry element Cancer
General subdivision Molecular aspects.
9 (RLIN) 39071
Topical term or geographic name as entry element Molecular biology.
9 (RLIN) 39072
Topical term or geographic name as entry element Neoplasms.
9 (RLIN) 39073
700 1# - ADDED ENTRY--PERSONAL NAME
Personal name Busch, Harris.
942 ## - ADDED ENTRY ELEMENTS (KOHA)
Source of classification or shelving scheme Dewey Decimal Classification
Koha item type Books
Holdings
Lost status Source of classification or shelving scheme Damaged status Not for loan Collection code Permanent Location Current Location Shelving location Date acquired Source of acquisition Cost, normal purchase price Total Checkouts Full call number Date last seen Copy number Koha item type
  Dewey Decimal Classification   Not For Loan Non-fiction Central Library, University of Rajshahi Central Library, University of Rajshahi Reading Room 14/08/1979 Heffer and Sons 28.25   616.99407 MOL 1974 29/01/2014 C-1 Books